00753nam a2200241 a 4500001001300000003000900013005001700022008004100039020001000080082001500090100002100105245005000126260003500176300000900211500003500220505004800255650003700303700002100340902000800361942000700369952011800376999001700494nice12345678IN_TiNIC20260116015136.0050524s1953 wesa grp 000 0 eng  ac10000a270.1bDIX aDix, Dom Gregory aJew and Greekb Study in the Primitive Church aWestminsterbDacre Pressc1953 a119p aincludes index and biblioraphy2 aIndex to Biblical References, General Index aChurch-History Primitive & Early1 aDix, Dom Gregory bSRS cBK 001040708StackRoom-aHMIbHMId2007-07-17g100.00l0o270.1 DIXp11001259r2007-07-17v100.00w2005-05-24yBK c18472d18472